=LDR 00000nam 2200000 4500 =001 NUTBA000000000005684 =005 20141105141146.0 =006 =007 =008 =020 ##$$a 978-602-855-391-9 =035 ##$$a 0010-111400000000163 =040 ##$$a NBPDMAT =082 ##$$a 394.2 =090 ##$$a 394.2 $b And d =100 ##$$a Andarini Trisnasari =245 ##$$a Dunia berpesta / $c Andarini Trisnasari =260 ##$$a Banten : $b Talenta Pustaka Indonesia, $c 2011 =300 ##$$a iv, 51 hlm. : $b ilus. ; $c 24 cm. =500 ##$$a Bibliografi : hlm. 51 =650 ##$$a Pesta